000 00974cab a2200241 4500
001 ABS50818
008 090401t1994 xxu||||| |||| 00| 0 eng d
035 _a(Sirsi) u58868
041 _aeng
100 _ade Lacy, J.
245 _aRetention of title, company charges and the Scintilla Temporis doctrine
260 _c1994
350 _a0
490 _aConveyancer & Property Lawyer
_v(1994) May/June 242-247(6)
520 _aDiscusses "Stroud Architectural Systems Ltd v John Laing Construction Ltd" (1993) and the retention of title for glazing units for which payment had not been received. Examines specific factors such as the importance of the seller retaining legal title to all the goods supplied under the contract of sale.
650 _aBUILT ENVIRONMENT-BUILDING CONTRACT FORMS
650 _aCLAIMS
650 _aGLAZING UNITS
650 _aRETENTION OF TITLE
690 _aBUILDING AND CONSTRUCTION-CASE LAW
942 _n0
948 _c04/03/1997
999 _c36002
_d36002